| 000 | 00535nam a22001817a 4500 | ||
|---|---|---|---|
| 999 |
_c6047 _d6047 |
||
| 003 | OSt | ||
| 005 | 20241218115312.0 | ||
| 008 | 130402s2012 sp ||||| |||| 00| 0 spa d | ||
| 020 | _a9788423412945 | ||
| 040 |
_cCDMR _bcat |
||
| 100 | 1 |
_92976 _aMontagut, Albert |
|
| 245 | 1 | 0 |
_aNewPaper _b: cómo la revolución digital transforma la prensa _c/ Albert Montagut |
| 260 |
_aBarcelona : _bDeusto, _c2012 |
||
| 300 | _a430 p. | ||
| 650 | 0 | 4 |
_93188 _aPremsa digital |
| 650 | 0 | 4 |
_92272 _aPeriodisme _xInnovacions tecnològiques |
| 942 |
_2udc _cMON |
||